000 00494cab a2200193 4500
001 X1088
008 090401t1993 xxu||||| |||| 00| 0 eng d
035 _a(Sirsi) u14629
041 _aeng
245 _aDTI assisted areas map is good news for London
260 _c1993
350 _a0
490 _aCS Monthly : Planning and Development bulletin
_v3(2) October 1993, 6(1)
650 _aASSISTED AREAS
650 _aLONDON
690 _aURBAN RENEWAL
942 _n0
948 _c04/03/1997
999 _c9547
_d9547